[Event "Voronezh op-B 22nd"]
[Site "Voronezh"]
[Date "2018.06.19"]
[Round "8"]
[White "Maraktanov, Andrey"]
[Black "Piskov, Vladimir A"]
[Result "1-0"]
[WhiteElo "1763"]
[BlackElo "1928"]
[PlyCount "69"]
[EventDate "2018.06.12"]
[EventType "swiss"]
[EventRounds "9"]
[EventCountry "RUS"]
[SourceTitle "CBM 185 Extra"]
[Source "ChessBase"]
[SourceDate "2018.07.29"]
[SourceVersion "1"]
[SourceVersionDate "2018.07.29"]
[SourceQuality "1"]

1. d4 d5 2. c4 e5 3. dxe5 d4 4. Nf3 Nc6 5. a3 Bg4 6. Bf4 Qd7 7. Nbd2 0-0-0 8. h3 Bh5 9. g4 Bg6 10. Bg2 f6 11. 0-0 h5 12. g5 d3 13. e3 fxe5 14. Nxe5 Nxe5 15. Bxe5 Qf5 16. Qf3 c6 17. Qxf5+ Bxf5 18. b4 Ne7 19. c5 Ng6 20. Bg3 h4 21. Bh2 Be7 22. f4 Rhe8 23. e4 Be6 24. Rad1 Bg8 25. f5 Nh8 26. g6 Bf6 27. Rf3 Bb2 28. Bd6 Bxa3 29. Rb1 b5 30. Rxd3 a5 31. Rxa3 axb4 32. Ra7 Rxd6 33. cxd6 Kb8 34. Rxg7 c5 35. Ra1 1-0

[Event "Voronezh op-B 22nd"]
[Site "Voronezh"]
[Date "2018.06.17"]
[Round "6"]
[White "Peschansky, Mikhail"]
[Black "Piskov, Vladimir A"]
[Result "1-0"]
[WhiteElo "2137"]
[BlackElo "1928"]
[PlyCount "29"]
[EventDate "2018.06.12"]
[EventType "swiss"]
[EventRounds "9"]
[EventCountry "RUS"]
[SourceTitle "CBM 185 Extra"]
[Source "ChessBase"]
[SourceDate "2018.07.29"]
[SourceVersion "1"]
[SourceVersionDate "2018.07.29"]
[SourceQuality "1"]

1. c4 e6 2. Nf3 d5 3. g3 c5 4. Bg2 Nf6 5. 0-0 Be7 6. d4 0-0 7. cxd5 exd5 8. dxc5 Bxc5 9. Qc2 Ne4 10. Nc3 Nxc3 11. Qxc3 Be7 12. Rd1 Nc6 13. Nd4 Bf6 14. Nxc6 Bxc3 15. Nxd8 1-0

[Event "Voronezh op-B 22nd"]
[Site "Voronezh"]
[Date "2018.06.15"]
[Round "4"]
[White "Sibgatullin, Amir"]
[Black "Piskov, Vladimir A"]
[Result "1/2-1/2"]
[WhiteElo "1638"]
[BlackElo "1928"]
[PlyCount "147"]
[EventDate "2018.06.12"]
[EventType "swiss"]
[EventRounds "9"]
[EventCountry "RUS"]
[SourceTitle "CBM 185 Extra"]
[Source "ChessBase"]
[SourceDate "2018.07.29"]
[SourceVersion "1"]
[SourceVersionDate "2018.07.29"]
[SourceQuality "1"]

1. e4 g6 2. d4 Bg7 3. Nc3 c6 4. Nf3 d5 5. h3 dxe4 6. Nxe4 Nd7 7. Be3 Qc7 8. Bd3 e5 9. dxe5 Nxe5 10. Be2 Nxf3+ 11. Bxf3 Bxb2 12. Nd6+ Ke7 13. Nxc8+ Rxc8 14. Bc5+ Kf6 15. Bd4+ Bxd4 16. Qxd4+ Qe5+ 17. Qxe5+ Kxe5 18. 0-0-0 h5 19. Rd7 Nh6 20. Rxb7 a5 21. Re1+ Kd6 22. Re3 Rhd8 23. Rc3 c5 24. Rb6+ Ke5 25. Bxh5 Kd4 26. Rd3+ Kc4 27. Be2 Rxd3 28. Bxd3+ Kc3 29. Rb3+ Kd4 30. Ra3 c4 31. Ra4 Kc3 32. Be2 Nf5 33. Rxa5 Re8 34. Kd1 Nd4 35. Ra3+ Kb2 36. Re3 Rc8 37. Bf1 Nb5 38. Bxc4 Nc3+ 39. Rxc3 Kxc3 40. Bxf7 Rd8+ 41. Ke1 g5 42. Bg6 Rd6 43. Bd3 Re6+ 44. Kf1 Kd2 45. g3 Re1+ 46. Kg2 Ra1 47. f4 gxf4 48. gxf4 Ke3 49. f5 Rxa2 50. f6 Ra7 51. Bc4 Kd4 52. f7 Ra8 53. Bb3 Ke5 54. Kf3 Kf6 55. Bd5 Ra3+ 56. Ke4 Ke7 57. Bb3 Ra5 58. Kf4 Rc5 59. h4 Kf8 60. Kg4 Kg7 61. h5 Rc6 62. h6+ Rxh6 63. Bd5 Rh7 64. c4 Kf6 65. Kf4 Rh4+ 66. Ke3 Ke7 67. c5 Rh6 68. Kd4 Rh4+ 69. Kc3 Rf4 70. Bc4 Kd7 71. Bb5+ Kc7 72. Be8 Kd8 73. c6 Kc7 74. Kd3 1/2-1/2

[Event "Voronezh op-B 22nd"]
[Site "Voronezh"]
[Date "2018.06.13"]
[Round "2"]
[White "Makushin, Aleksandr"]
[Black "Piskov, Vladimir A"]
[Result "0-1"]
[WhiteElo "1692"]
[BlackElo "1928"]
[PlyCount "70"]
[EventDate "2018.06.12"]
[EventType "swiss"]
[EventRounds "9"]
[EventCountry "RUS"]
[SourceTitle "CBM 185 Extra"]
[Source "ChessBase"]
[SourceDate "2018.07.29"]
[SourceVersion "1"]
[SourceVersionDate "2018.07.29"]
[SourceQuality "1"]

1. e4 g6 2. d4 Bg7 3. Nc3 c6 4. Be3 d5 5. e5 f6 6. f4 Nh6 7. Qd2 Ng4 8. 0-0-0 0-0 9. Nf3 Bh6 10. g3 Nd7 11. h3 Nxe3 12. Qxe3 Bg7 13. g4 fxe5 14. fxe5 b5 15. h4 Nb6 16. Nh2 b4 17. Nb1 a5 18. h5 a4 19. hxg6 hxg6 20. Bd3 e6 21. Bxg6 Nc4 22. Qd3 a3 23. Bh7+ Kh8 24. b3 Bh6+ 25. Nd2 Nxd2 26. Rxd2 Bxd2+ 27. Qxd2 Qh4 28. Qg2 Rf2 29. Nf3 Rxg2 30. Rxh4 Kg7 31. Bd3 Ba6 32. Rh7+ Kg8 33. Re7 Bxd3 34. cxd3 Rf8 35. Nd2 Rff2 0-1

[Event "Voronezh op-B 20th"]
[Site "Voronezh"]
[Date "2016.06.21"]
[Round "9"]
[White "Mukhtarova, Viktoriya"]
[Black "Piskov, Vladimir A"]
[Result "1-0"]
[WhiteElo "1998"]
[BlackElo "1931"]
[PlyCount "127"]
[EventDate "2016.06.12"]
[EventType "swiss"]
[EventRounds "9"]
[EventCountry "RUS"]
[SourceTitle "EXT 2017"]
[Source "ChessBase"]
[SourceDate "2016.10.25"]
[SourceVersion "1"]
[SourceVersionDate "2016.10.25"]
[SourceQuality "1"]

1. Nf3 d5 2. g3 c5 3. Bg2 Nc6 4. 0-0 Nf6 5. d3 Bg4 6. h3 Bh5 7. Nbd2 e6 8. b3 Be7 9. Bb2 0-0 10. e4 Rc8 11. e5 Nd7 12. g4 Bg6 13. Rc1 h5 14. Qe2 hxg4 15. hxg4 b5 16. a3 Nb6 17. Ne1 d4 18. f4 Nd5 19. Rf3 Nc3 20. Qf1 Bh4 21. Rh3 f5 22. g5 Bxe1 23. Qxe1 Qa5 24. Nf3 Nd5 25. Qg3 Nce7 26. Rd1 Kf7 27. Bc1 Rh8 28. Nh4 Bh5 29. g6+ Bxg6 30. Nxg6 Rxh3 31. Qxh3 Kxg6 32. Bf3 Kf7 33. Qh5+ Kg8 34. Kf2 Qc3 35. Kg3 Ne3 36. Rh1 Kf8 37. Qh8+ Ng8 38. Bxe3 dxe3 39. Qh2 g5 40. Qh8 gxf4+ 41. Kh3 Re8 42. Rg1 Ke7 43. Rg7+ Kd8 44. Rxg8 Rxg8 45. Qxg8+ Kc7 46. Qf7+ Kd8 47. Qxe6 Qe1 48. Qd6+ Kc8 49. Qxc5+ Kd8 50. Qd6+ Kc8 51. Qf8+ Kc7 52. Qe7+ Kc8 53. Qb7+ Kd8 54. Qa8+ Ke7 55. Qxa7+ Kf8 56. Qb8+ Kg7 57. Qc7+ Kh8 58. Qd8+ Kg7 59. Qf6+ Kg8 60. Bd5+ Kh7 61. Qxf5+ Kg7 62. Qf7+ Kh6 63. Qxf4+ Kg7 64. Qg3+ 1-0

[Event "Voronezh op-B 19th"]
[Site "Voronezh"]
[Date "2015.06.20"]
[Round "8"]
[White "Piskov, Vladimir A"]
[Black "Gritsuk, Viktor"]
[Result "0-1"]
[WhiteElo "1964"]
[BlackElo "1680"]
[PlyCount "40"]
[EventDate "2015.06.12"]
[EventType "swiss"]
[EventRounds "9"]
[EventCountry "RUS"]
[SourceTitle "CBM 167 Extra"]
[Source "ChessBase"]
[SourceDate "2015.09.14"]
[SourceVersion "1"]
[SourceVersionDate "2015.09.14"]
[SourceQuality "1"]

1. d4 Nf6 2. Nf3 g6 3. g3 d5 4. Bg2 Bg7 5. 0-0 0-0 6. c4 dxc4 7. Ne5 c6 8. Nxc4 Be6 9. Ne5 Nbd7 10. Nd3 Qb6 11. e3 Rad8 12. Nc3 Bc4 13. Qc2 e5 14. d5 Nxd5 15. Rd1 Bxd3 16. Qxd3 Nc5 17. Qc4 Nxc3 18. Rxd8 Rxd8 19. Qxc3 Rd1+ 20. Bf1 Qb5 0-1

[Event "Voronezh op-B 18th"]
[Site "Voronezh"]
[Date "2014.06.16"]
[Round "5"]
[White "Grigoryeva, Olga A"]
[Black "Piskov, Vladimir A"]
[Result "1-0"]
[WhiteElo "2144"]
[BlackElo "2006"]
[PlyCount "93"]
[EventDate "2014.06.12"]
[EventType "swiss"]
[EventRounds "9"]
[EventCountry "RUS"]
[SourceTitle "EXT 2015"]
[Source "ChessBase"]
[SourceDate "2014.11.20"]
[SourceVersion "1"]
[SourceVersionDate "2014.11.20"]
[SourceQuality "1"]

1. d4 b5 2. e4 Bb7 3. f3 a6 4. Be3 e6 5. Nh3 d5 6. e5 Nd7 7. c3 c5 8. Bd3 Qb6 9. Bf2 cxd4 10. cxd4 Bb4+ 11. Nd2 Qa5 12. a3 Be7 13. b4 Qd8 14. 0-0 Nb6 15. Nb3 Nc4 16. Nc5 Ra7 17. Qc2 h6 18. a4 Bc6 19. axb5 Bxb5 20. Rfb1 Qc8 21. Bxc4 dxc4 22. Rd1 Qc6 23. Nf4 Bxc5 24. dxc5 Ne7 25. Rd6 Qc8 26. Ne2 Qb8 27. Qe4 Rc7 28. Rb6 Qd8 29. Nc3 Nd5 30. Nxd5 exd5 31. Qd4 Rd7 32. Rd6 Rxd6 33. exd6 0-0 34. Qxd5 Qd7 35. Bd4 Re8 36. Kf2 Qd8 37. g3 Qd7 38. Re1 c3 39. Bxc3 Rxe1 40. Kxe1 Qh3 41. Qa8+ Kh7 42. Qe4+ f5 43. Qd4 Qf1+ 44. Kd2 Qe2+ 45. Kc1 Qf1+ 46. Kb2 Qe2+ 47. Ka3 1-0

[Event "Voronezh op-B 18th"]
[Site "Voronezh"]
[Date "2014.06.12"]
[Round "1"]
[White "Piskov, Vladimir A"]
[Black "Sychev, Victor"]
[Result "0-1"]
[WhiteElo "2006"]
[BlackElo "1736"]
[PlyCount "67"]
[EventDate "2014.06.12"]
[EventType "swiss"]
[EventRounds "9"]
[EventCountry "RUS"]
[SourceTitle "EXT 2015"]
[Source "ChessBase"]
[SourceDate "2014.11.20"]
[SourceVersion "1"]
[SourceVersionDate "2014.11.20"]
[SourceQuality "1"]

1. d4 d5 2. Bg5 Nf6 3. Bxf6 exf6 4. e3 Bd6 5. c4 c6 6. Nc3 dxc4 7. Bxc4 0-0 8. Nge2 Be6 9. Bd3 f5 10. Qc2 g6 11. h4 Nd7 12. h5 Nf6 13. 0-0-0 Re8 14. Rdg1 Ng4 15. Rf1 b5 16. Kb1 a5 17. d5 cxd5 18. Bxb5 Re7 19. Nd4 Rc7 20. hxg6 hxg6 21. Qa4 Bb4 22. Nce2 Rb8 23. Nf4 Qf6 24. Nd3 Ne5 25. Nxe5 Qxe5 26. a3 Bf8 27. Rh4 Be7 28. Nf3 Qd6 29. Rfh1 Bf6 30. Qxa5 Qc5 31. Rb4 Ra7 32. Rc1 Qxc1+ 33. Kxc1 Rxa5 34. a4 0-1